Kaštiele a kúrie - Kaštieľ Malinovo - obnova a revitalizácia

Guardado en:
Detalles Bibliográficos
Autor principal: Novikmec, Marián (Autor)
Otros Autores: Gregor, Pavel (Orientador)
Formato: Manuscrito Libro
Lenguaje:eslovaco
Publicado: 2025
Materias:
Acceso en línea:http://is.stuba.sk/zp/portal_zp.pl?podrobnosti=185407
Etiquetas: Agregar Etiqueta
Sin Etiquetas, Sea el primero en etiquetar este registro!

MARC

LEADER 00000ntm a22000003a 4500
001 stuzp104796
003 SK-STU
005 20250607210841.1
007 ta
008 150427s2015----xo-----f-mn---000-0-slo-d
040 |a STU  |b slo 
041 0 |a slo 
100 1 |a Novikmec, Marián  |u 053130  |4 aut  |U FAD Fakulta architektúry a dizajnu  |T FAD Ústav dejín a teórie architektúry a obnovy pamiatok  |X 103722  |U A3130  |Y 394  |7 103722 
242 0 1 |a The Manor and Small Noble Houses - Manor House Malinovo - restoration and revitalization  |y eng 
245 1 0 |a Kaštiele a kúrie - Kaštieľ Malinovo - obnova a revitalizácia 
260 |c 2025 
650 4 |a leisure center  |2 eng 
650 4 |a Malinovo  |2 eng 
650 4 |a manor house  |2 eng 
650 4 |a voľnočasové centrum  |2 slo 
650 4 |a Malinovo  |2 slo 
650 4 |a kaštieľ  |2 slo 
700 1 |a Gregor, Pavel  |u 053130  |k Z8  |4 ths  |U FAD Fakulta architektúry a dizajnu  |T FAD Ústav dejín a teórie architektúry a obnovy pamiatok  |X 412  |U A3130  |Y 394  |7 A000000412 
856 4 |u http://is.stuba.sk/zp/portal_zp.pl?podrobnosti=185407